000 00274nam a2200121Ia 4500
008 190216s9999||||xx |||||||||||||| ||und||
100 _aSankara Kurup G
245 0 _aPathikante Pattu
260 _bCurrent Books
_c1964
300 _a95p
650 _aKavithkal
942 _cBK
999 _c23615
_d23615